MARC

LEADER 00000nam0a2200000 4500
001 156630
005 20231101221920.0
035 |a (RuTPU)RU\TPU\book\169875 
090 |a 156630 
100 |a 20090330d1935 m y0rusy50 ca 
101 0 |a rus 
102 |a RU 
105 |a y z 000zy 
200 1 |a Таблицы для микроскопического определения минералов  |f Н. Н. Павлов  |g Дальневосточный политехнический институт 
210 |a Владивосток  |d 1935 
215 |a 64 с. 
610 1 |a минералы 
610 1 |a определение 
610 1 |a таблицы 
610 1 |a микроскопическое определение 
610 1 |a непрозрачные минералы 
610 1 |a полупрозрачные минералы 
610 1 |a прозрачные минералы 
675 |a 549  |v 3 
700 1 |a Павлов  |b Н. Н. 
712 0 2 |a Дальневосточный политехнический институт  |2 stltpush  |3 (RuTPU)RU\TPU\col\6441  |9 24242 
801 1 |a RU  |b 63413507  |c 20090330  |g PSBO 
801 2 |a RU  |b 63413507  |c 20091106  |g RCR 
942 |c BK